| 000 | 00397nab a22001097u 4500 | ||
|---|---|---|---|
| 008 | 130520b1996 xxu||||| |||| 00| 0 spa d | ||
| 041 | _aspa | ||
| 100 | 1 |
_aAstigarraga, María del Carmen _979678 |
|
| 245 | 0 | 0 |
_aEl otro en la fenomenología trascendental de E. Husserl _cMaría del Carmen Astigarraga |
| 773 | 0 |
_tNaturaleza y Gracia _gV.43, nº1-2,1996,págs. 221-245 _x0470-3790 _wRev290 |
|
| 942 | _cAR | ||
| 999 |
_c396545 _d396545 |
||